| 000 | 00999nam a22003017a 4500 | ||
|---|---|---|---|
| 003 | CHAP | ||
| 005 | 20220329140358.0 | ||
| 008 | 971013s1966 r 00010 d | ||
| 010 | _a51143 | ||
| 011 | _a52115 | ||
| 035 | _a56265 | ||
| 040 | _cCHAP | ||
| 090 | _aFolleto 2373 | ||
| 100 | 0 | 0 |
_aRodríguez Sánchez, José R. _998911 |
| 245 | _aCaracterísticas de las pulpas al sulfato de muestras de Pinus caribaea de varias edades | ||
| 260 |
_aMérida, Venezuela : _bLaboratorio Nacional de Productos Forestales, _c1966 |
||
| 300 | _a15 p. | ||
| 590 |
_aBATCH-UPD _b10 _c20130110 _lUCH01 _h0312 |
||
| 590 |
_aBATCH-UPD _b10 _c20130110 _lUCH01 _h2302 |
||
| 590 |
_aBATCH-UPD _b10 _c20130409 _lUCH01 _h2344 |
||
| 590 |
_aBATCH-UPD _b10 _c20130914 _lUCH01 _h1914 |
||
| 590 |
_aCONVERSION _b10 _c20130109 _lUCH01 _h1328 |
||
| 650 | 1 | 4 |
_aPinus caribaea. _988322 |
| 650 | 1 | 4 |
_aPulpa de madera _xIndustria. _993005 |
| 901 | _aBK | ||
| 942 | _cFOLL | ||
| 949 |
_aFolleto 2373 _bBC _cFOLL _d-122987 _eTS1 _i56265 _si |
||
| 999 |
_c51143 _d51143 |
||